Responses for Show #5304 - Thursday, October 4, 2007

Contestants

[<< previous game]

Matt Pensinger, a pastor from Hanover, Pennsylvania

Paul Barndt, a student from Houston, Texas

Todd Butler, a fourth grade teacher from Mansfield, Texas (whose 2-day cash winnings total $30,999)

[next game >>]

Jeopardy! Round responses

USA TODAY'S TOP 25 MEMORABLE QUOTES
(Alex: You have to ID the speaker. We're talking about quotes in the last 25 years.)
CATCH & CARRY
I BEG YOUR PARDON
DOG TAGS
(Alex: You have to identify the dog owner.)
SALAD
"LAT" IN
    $200 7
Ronald Reagan

Todd
    $200 21
Jerry Rice

Paul
    $200 26
Richard Nixon

Matt
    $200 8
George H.W. Bush

Matt
    $200 6
croutons

Paul
    $200 1
Latino

Todd
    $400 11
Hillary Clinton

Todd
    $400 22
Mike Ditka

Matt
    $400 27
Scooter Libby

Paul
    $400 9
Alexander the Great

Paul
    $400 12
chef's salad

Paul
    $400 2
Latter-Day

Paul
    $600 16
Rodney King

Matt
    $600 23
Frank Gifford

Matt
    $600 28
Patty Hearst

Paul
    $600 10
Adolf Hitler

Matt
    $600 13
iceberg

Todd
    $600 3
Latvia

Todd
    $800 17
Jesse Jackson

Todd
    $800 24
Lynn Swann

Matt
    $800 29
Caspar Weinberger

Todd
    $800 19
Sir Isaac Newton

Todd
    $800 14
apples

Matt
    $800 4
latissimus dorsi

Todd
    $1000 18
(Matt: Who is Ken Lay?)

Alan Greenspan

ToddMatt
    $1000 25
Marvin Harrison

Todd
    $1000 30
Hugo Chavez

Paul
    $1000 20
Gen. George Patton

Triple Stumper
    $1000 15
Caesar salad

Triple Stumper
    $1000 5
lattice

Todd

Scores at the first commercial break (after clue 15):

Todd Paul Matt
$3,800 $1,400 $1,600

Scores at the end of the Jeopardy! Round:

Todd Paul Matt
$8,200 $3,600 $3,200

Double Jeopardy! Round responses

SOMEWHERE
OVER THE RAINBOW
STORMY WEATHER
I LOVE A PARADE
AC-CENT-TCHU-ATE
THE POSITIVE
    $400 6
(Paul: What is Oslo?)
(Matt: What is Helsinki?)
...
(Alex: No. Correct response, what is [*]? Go for the obvious.)

Stockholm

PaulMatt
Triple Stumper
    $400 26
Judy Garland

Paul
    $400 1
blizzard

Todd
    $400 21
New Year's Day

Paul
    $400 11
Welsh

Matt
    $400 16
Sea World

Todd
    $800 7
Vienna

Paul
    $800 2
tornado

Todd
    $800 22
Bastille Day

Todd
    $800 12
a vowel

Todd
    $800 17
Beethoven

Todd
    $1200 8
San Andreas Fault

Matt
    $1200 29
[The end-of-round signal sounds.]

"Moon River"

Triple Stumper
    $1200 3
hailstones

Matt
    $1200 23
a ticker-tape parade

Paul
    $1200 13
(Todd: What is French?)
(Paul: What is Portuguese?)

Italian

ToddPaul
Triple Stumper
    $1200 18
(Paul: Who is Robins?)

Norman Vincent Peale

PaulMatt
    $1600 9
Tennessee

Paul
    $1600 28
Finian

Paul
    $1600 4
cell

Matt
    $1600 25
San Francisco

Todd
    $2,000 14
(Todd: What is... [*]ic pentameter?)
(Alex: Nooo... you added a word that's going to make it wrong, the pentameter part. [*] or [*]ic would have been acceptable.)

iamb

Todd
    $2,400 19
(Matt: What is...)
(Alex: Hurry...)
(Matt: [no response])

The Secret

Matt
    $2000 10
Minnesota

Triple Stumper
    $2000 27
(Paul: What is NBC Studios?)
(Matt: What is the United Nations?)

Rockefeller Center

PaulMatt
Triple Stumper
    $2000 5
Bombay/Mumbai

Triple Stumper
    $2000 24
Wisconsin

Matt
    $2000 15
Hamlet

Triple Stumper
    $2000 20
Bobby McFerrin

Matt

Scores at the end of the Double Jeopardy! Round:

Todd Paul Matt
$10,600 $4,800 $8,000

[wagering suggestions for these scores]

Final Jeopardy! Round responses

MEET THE PRESS
PaulWho is Dukakis?
$500
MattWho is Bob Dole?
$5,500
ToddWho is ? ☺
$5,401
Bob Dole

Final scores:

Todd Paul Matt
$5,199 $4,300 $13,500
2nd place: $2,000 3rd place: $1,000 New champion: $13,500

Game dynamics:

Coryat scores:

Todd Paul Matt
$12,600 $4,800 $10,400
19 R
(including 1 DD),
2 W
(including 1 DD)
14 R,
4 W
15 R,
4 W
(including 1 DD)

Combined Coryat: $27,800

[game clues] [game scores] [suggest correction]

Game tape date: 2007-07-25
The J! Archive is created by fans, for fans. Scraping, republication, monetization, and malicious use prohibited; this site may use cookies and collect identifying information. See terms. The Jeopardy! game show and all elements thereof, including but not limited to copyright and trademark thereto, are the property of Jeopardy Productions, Inc. and are protected under law. This website is not affiliated with, sponsored by, or operated by Jeopardy Productions, Inc. Join the discussion at JBoard.tv.